| 000 | 00649nam a22001937a 4500 | ||
|---|---|---|---|
| 999 |
_c197308 _d197308 |
||
| 005 | 20230821152919.0 | ||
| 010 | _aUR-12142 | ||
| 020 |
_a9789395400299 _c80.00 |
||
| 035 | _aU-10697 | ||
| 037 | _bDBAD/PUB | ||
| 082 | _a841 | ||
| 100 | _aعارف حسن خاں | ||
| 245 |
_aعلم قا فیہ : _bایک نیا زاویہ / _cعارف حسن خاں |
||
| 246 |
_aIlm-E-Qafiya: Ek naya Zaviya / _bby Arif Hasan Khan |
||
| 260 |
_aNew Delhi _bEducational Publishing House _c2022 ء |
||
| 270 |
_aH.O. D1/16, Ansari Road, Darya Ganj _bNew Delhi _e110002 |
||
| 300 |
_a48 ص _c22cm(pbk) |
||
| 942 |
_2ddc _cUR _mع ا ر _e _h841 |
||